000 00411nam a2200181Ia 4500
003 GCL
008 140319s9999 xx 000 0 eng d
040 _aGCL /
_cGCL
082 0 4 _a759
_bD B
100 1 _aDELEVOY, ROBERT
245 1 0 _aBRUEGEL /
_cDELEVOY, ROBERT
260 _a[S.N] :
_bSKIRA ،
_c1990
300 _a138 P
650 0 4 _aARTS
650 0 4 _aPAINTING
650 0 4 _aBRUEGEL
942 _2ddc
_cBK
999 _c20912
_d20912